[Event "HUN-chT2 Toth 1819"]
[Site "Hungary"]
[Date "2019.03.10"]
[Round "9.4"]
[White "Nagy, Helga"]
[Black "Tamasi, Zoltan"]
[Result "1-0"]
[WhiteElo "2081"]
[BlackElo "2003"]
[PlyCount "91"]
[EventDate "2018.09.23"]
[EventType "team-tourn"]
[EventRounds "11"]
[EventCountry "HUN"]
[SourceTitle "EXT 2021"]
[Source "ChessBase"]
[SourceDate "2020.10.23"]
[SourceVersion "1"]
[SourceVersionDate "2020.10.23"]
[SourceQuality "1"]
[WhiteTeam "Szentes Integral"]
[BlackTeam "Oroshaza"]
[WhiteTeamCountry "HUN"]
[BlackTeamCountry "HUN"]

1. e4 Nf6 2. e5 Nd5 3. c4 Nb6 4. d4 d6 5. f4 dxe5 6. fxe5 Nc6 7. Be3 Bf5 8. Nf3 e6 9. a3 Be7 10. Be2 0-0 11. 0-0 f6 12. Nc3 Bg4 13. c5 Nd5 14. Bf2 Qd7 15. Qa4 Nxc3 16. bxc3 Nxe5 17. Qxd7 Nxd7 18. Rab1 Rab8 19. Bc4 Kh8 20. Rfe1 e5 21. h3 Bxf3 22. gxf3 Rfe8 23. Kg2 c6 24. Bf7 Rf8 25. Be6 Rfd8 26. Bf7 Nf8 27. f4 Rd7 28. Bc4 exf4 29. Kf3 g5 30. h4 Kg7 31. h5 h6 32. Rb2 Re8 33. d5 Rc8 34. d6 Bd8 35. Re8 b5 36. Ba2 Rb8 37. Bd4 Bc7 38. Rbe2 Rxe8 39. Rxe8 Bd8 40. Kg4 a6 41. Kf5 f3 42. Kg4 f2 43. Bxf2 f5+ 44. Kxf5 Bf6 45. Bd4 Bxd4 46. cxd4 1-0

[Event "HUN-chT2 Toth 1819"]
[Site "Hungary"]
[Date "2019.02.10"]
[Round "7.4"]
[White "Kemeny, Csaba"]
[Black "Tamasi, Zoltan"]
[Result "0-1"]
[WhiteElo "2052"]
[BlackElo "2003"]
[PlyCount "102"]
[EventDate "2018.09.23"]
[EventType "team-tourn"]
[EventRounds "11"]
[EventCountry "HUN"]
[SourceTitle "EXT 2021"]
[Source "ChessBase"]
[SourceDate "2020.10.23"]
[SourceVersion "1"]
[SourceVersionDate "2020.10.23"]
[SourceQuality "1"]
[WhiteTeam "Felegyhaza Csongrad"]
[BlackTeam "Oroshaza"]
[WhiteTeamCountry "HUN"]
[BlackTeamCountry "HUN"]

1. d4 d5 2. f4 Nf6 3. Nf3 Bg4 4. e3 e6 5. Bd3 Nbd7 6. 0-0 Ne4 7. c4 c6 8. Nc3 Ndf6 9. Qc2 Bb4 10. Bd2 Bxc3 11. Bxc3 0-0 12. c5 Bf5 13. Ne5 Nxc3 14. Qxc3 Bxd3 15. Qxd3 Ne4 16. b4 f6 17. Nf3 Qc7 18. b5 e5 19. fxe5 fxe5 20. bxc6 bxc6 21. Nxe5 Rac8 22. Qa6 Nxc5 23. Rxf8+ Rxf8 24. Qxc6 Qxc6 25. Nxc6 Nd3 26. Ne7+ Kf7 27. Nxd5 Ke6 28. e4 Rc8 29. Rd1 Nb2 30. Rb1 Nd3 31. Rd1 Rc1 32. Nf4+ Nxf4 33. Rxc1 Ne2+ 34. Kf2 Nxc1 35. a3 Nd3+ 36. Ke2 Nb2 37. Kd2 Nc4+ 38. Kc3 Nxa3 39. Kb4 Nc2+ 40. Kc5 Kd7 41. d5 Ne1 42. g3 Nf3 43. h4 Ne5 44. h5 h6 45. Kb5 Kd6 46. Ka6 Nc4 47. Kxa7 Nd2 48. Kb7 Nxe4 49. g4 Nf6 50. Kc8 Nxg4 51. Kd8 Nf6 0-1

[Event "HUN-chT2 Toth 1819"]
[Site "Hungary"]
[Date "2018.12.02"]
[Round "5.4"]
[White "Retkes, Peter"]
[Black "Tamasi, Zoltan"]
[Result "1-0"]
[WhiteElo "2084"]
[BlackElo "2003"]
[PlyCount "119"]
[EventDate "2018.09.23"]
[EventType "team-tourn"]
[EventRounds "11"]
[EventCountry "HUN"]
[SourceTitle "EXT 2021"]
[Source "ChessBase"]
[SourceDate "2020.10.23"]
[SourceVersion "1"]
[SourceVersionDate "2020.10.23"]
[SourceQuality "1"]
[WhiteTeam "Szeged Meritum"]
[BlackTeam "Oroshaza"]
[WhiteTeamCountry "HUN"]
[BlackTeamCountry "HUN"]

1. e4 Nf6 2. e5 Nd5 3. d4 d6 4. c4 Nb6 5. exd6 cxd6 6. Nc3 g6 7. Be3 Bg7 8. Rc1 0-0 9. b3 Bf5 10. Nf3 Bg4 11. Be2 Nc6 12. d5 Bxf3 13. Bxf3 Ne5 14. Be2 a6 15. 0-0 Qc7 16. Qd2 Rad8 17. f4 Ned7 18. Rfd1 Rfe8 19. Bf3 Nc5 20. Qf2 Ncd7 21. Ne4 Nc8 22. h4 Nf6 23. h5 Qd7 24. hxg6 hxg6 25. Qg3 Nxe4 26. Bxe4 e6 27. Re1 exd5 28. Bxd5 Ne7 29. Qf3 Nxd5 30. Qxd5 Qc6 31. Bf2 Qxd5 32. cxd5 Rxe1+ 33. Rxe1 Rd7 34. Re8+ Kh7 35. Rc8 Bf6 36. Kf1 g5 37. fxg5 Bxg5 38. Bg3 Kg6 39. Kf2 Kf5 40. Kf3 Bf6 41. Bf4 Bg5 42. g4+ Kf6 43. Bxg5+ Kxg5 44. Rg8+ Kf6 45. Kf4 Rc7 46. Rd8 Ke7 47. Rb8 Rd7 48. Rc8 Kf6 49. a4 Kg6 50. b4 Kf6 51. b5 axb5 52. axb5 Kg6 53. b6 Kf6 54. Rc7 Ke7 55. Rxd7+ Kxd7 56. Kf5 Ke7 57. Kg5 Ke8 58. Kf6 Kf8 59. g5 Ke8 60. g6 1-0

[Event "HUN-chT2 Toth 1819"]
[Site "Hungary"]
[Date "2018.11.18"]
[Round "4.4"]
[White "Tamasi, Zoltan"]
[Black "Molnar, Laszlo"]
[Result "0-1"]
[WhiteElo "2003"]
[BlackElo "2155"]
[PlyCount "76"]
[EventDate "2018.09.23"]
[EventType "team-tourn"]
[EventRounds "11"]
[EventCountry "HUN"]
[SourceTitle "EXT 2021"]
[Source "ChessBase"]
[SourceDate "2020.10.23"]
[SourceVersion "1"]
[SourceVersionDate "2020.10.23"]
[SourceQuality "1"]
[WhiteTeam "Oroshaza"]
[BlackTeam "Ujszasz"]
[WhiteTeamCountry "HUN"]
[BlackTeamCountry "HUN"]

1. e4 e5 2. Nf3 Nf6 3. Nc3 Bb4 4. Nd5 Nxd5 5. exd5 e4 6. Nd4 0-0 7. c3 Bc5 8. Nb3 Bb6 9. d4 exd3 10. Qxd3 Qf6 11. f3 d6 12. Bd2 Re8+ 13. Be2 Bf5 14. Qc4 Nd7 15. 0-0-0 Ne5 16. Qf4 Ng6 17. Qc4 Nh4 18. g4 Bg6 19. Rhf1 Ng2 20. Bd3 Bxd3 21. Qxd3 Ne3 22. Bxe3 Rxe3 23. Qc4 Rxf3 24. Rxf3 Qxf3 25. Re1 h6 26. Kb1 Qf2 27. Re2 Qf1+ 28. Kc2 Rf8 29. Nd2 Qh3 30. Qe4 c6 31. dxc6 bxc6 32. Qxc6 Qxg4 33. Re8 Qf5+ 34. Kb3 Rxe8 35. Qxe8+ Kh7 36. Nc4 Qd5 37. Qd7 Bc5 38. Qb5 Qd1# 0-1

[Event "HUN-chT2 Toth 1718"]
[Site "Hungary"]
[Date "2018.05.06"]
[Round "11.6"]
[White "Martonosi, Adam"]
[Black "Tamasi, Zoltan"]
[Result "0-1"]
[WhiteElo "1861"]
[BlackElo "1961"]
[PlyCount "107"]
[EventDate "2017.09.24"]
[EventType "team-tourn"]
[EventRounds "11"]
[EventCountry "HUN"]
[SourceTitle "EXT 2021"]
[Source "ChessBase"]
[SourceDate "2020.10.23"]
[SourceVersion "1"]
[SourceVersionDate "2020.10.23"]
[SourceQuality "1"]
[WhiteTeam "Mako Duocor II"]
[BlackTeam "Oroshaza"]
[WhiteTeamCountry "HUN"]
[BlackTeamCountry "HUN"]

1. d4 d5 2. c4 dxc4 3. e3 e5 4. Bxc4 exd4 5. exd4 Nf6 6. Nf3 Be7 7. 0-0 0-0 8. Nc3 c6 9. Bf4 Nbd7 10. Re1 Nb6 11. Bd3 Bg4 12. h3 Bh5 13. Be2 Nbd5 14. Bg3 Bb4 15. Qb3 Bxc3 16. bxc3 Ne4 17. Bh4 Qb6 18. c4 Qxb3 19. axb3 Nf4 20. Bf1 Bxf3 21. gxf3 Nd2 22. Re3 Rfe8 23. Bg3 Rxe3 24. fxe3 Nh5 25. Kf2 Nxg3 26. Kxg3 a5 27. Bd3 Nxb3 28. Ra3 a4 29. Kf2 Nc1 30. Bc2 b5 31. Ra1 b4 32. Rxc1 b3 33. Bxb3 axb3 34. Rb1 Rb8 35. Rb2 g5 36. Ke2 h5 37. e4 Kg7 38. Kd3 Kg6 39. d5 cxd5 40. cxd5 f5 41. Kd4 fxe4 42. Kxe4 Kf6 43. Kd4 Kf5 44. Kc4 Ke5 45. Re2+ Kd6 46. Rb2 Rb7 47. Rxb3 Rxb3 48. Kxb3 Kxd5 49. Kc3 Ke5 50. Kd3 Kf4 51. Ke2 Kg3 52. Ke3 Kxh3 53. Kf2 g4 54. f4 0-1

[Event "HUN-chT2 Toth 1718"]
[Site "Hungary"]
[Date "2018.03.25"]
[Round "10.5"]
[White "Gombos, Janos"]
[Black "Tamasi, Zoltan"]
[Result "1-0"]
[WhiteElo "1966"]
[BlackElo "1961"]
[PlyCount "119"]
[EventDate "2017.09.24"]
[EventType "team-tourn"]
[EventRounds "11"]
[EventCountry "HUN"]
[SourceTitle "EXT 2021"]
[Source "ChessBase"]
[SourceDate "2020.10.23"]
[SourceVersion "1"]
[SourceVersionDate "2020.10.23"]
[SourceQuality "1"]
[WhiteTeam "Gyula"]
[BlackTeam "Oroshaza"]
[WhiteTeamCountry "HUN"]
[BlackTeamCountry "HUN"]

1. e4 Nf6 2. e5 Nd5 3. d4 d6 4. c4 Nb6 5. exd6 cxd6 6. Nc3 g6 7. Bd3 Bg7 8. Nge2 0-0 9. 0-0 Nc6 10. Be3 e5 11. d5 Ne7 12. Ng3 f5 13. f4 e4 14. Be2 Nd7 15. Qd2 a6 16. Rab1 b6 17. b4 Qc7 18. Rfc1 Rb8 19. Bf1 Kh8 20. Nge2 Nf6 21. h3 Bd7 22. Nd4 Rfd8 23. b5 axb5 24. Ncxb5 Bxb5 25. cxb5 Qb7 26. Nc6 Nexd5 27. Nxd8 Rxd8 28. Bd4 Nh5 29. g3 Nxg3 30. Bc4 Nf6 31. Qe3 Ngh5 32. Bxb6 Re8 33. Bd4 Nd5 34. Bxd5 Qxd5 35. Bxg7+ Nxg7 36. b6 Rb8 37. b7 Rxb7 38. Rc8+ Ne8 39. Rxe8+ Kg7 40. Rxb7+ Qxb7 41. Qc3+ Kh6 42. Rc8 Qb1+ 43. Kg2 Qxa2+ 44. Qc2 Qd5 45. Kg3 Qd4 46. Qf2 e3 47. Qe2 Qd2 48. Rc2 Qd4 49. Rc4 Qa1 50. Qxe3 d5 51. Rd4 Qh1 52. Rd2 Qc1 53. Re2 Qa1 54. Kh2 Qf1 55. Qf2 Qa1 56. Qh4+ Kg7 57. Re7+ Kf8 58. Qe1 Qb2+ 59. Qe2 Qb8 60. Qe5 1-0

[Event "HUN-chT2 Toth 1718"]
[Site "Hungary"]
[Date "2017.12.03"]
[Round "5.6"]
[White "Tamasi, Zoltan"]
[Black "Miklos, Csaba"]
[Result "1-0"]
[WhiteElo "1961"]
[BlackElo "1977"]
[PlyCount "123"]
[EventDate "2017.09.24"]
[EventType "team-tourn"]
[EventRounds "11"]
[EventCountry "HUN"]
[SourceTitle "EXT 2021"]
[Source "ChessBase"]
[SourceDate "2020.10.23"]
[SourceVersion "1"]
[SourceVersionDate "2020.10.23"]
[SourceQuality "1"]
[WhiteTeam "Oroshaza"]
[BlackTeam "Kecskemet Takisz"]
[WhiteTeamCountry "HUN"]
[BlackTeamCountry "HUN"]

1. e4 c5 2. Nf3 e6 3. d3 Nc6 4. g3 Nf6 5. Bg2 d5 6. Nbd2 Be7 7. 0-0 0-0 8. Re1 dxe4 9. dxe4 e5 10. c3 Qc7 11. Qc2 b6 12. Nc4 Ba6 13. Bf1 Rad8 14. Bg5 h6 15. Bxf6 Bxf6 16. Ne3 Bxf1 17. Nd5 Qd6 18. Rxf1 Qe6 19. Rad1 Rd6 20. Nd2 Rfd8 21. Nc4 R6d7 22. Nce3 Bg5 23. b3 Bxe3 24. Nxe3 Ne7 25. Rxd7 Rxd7 26. Rd1 Qc6 27. Rd3 Nc8 28. Qd2 Rxd3 29. Qxd3 Qd6 30. Qd5 Qxd5 31. exd5 Nd6 32. f3 Kf8 33. c4 Ke7 34. Kf2 f5 35. Nf1 b5 36. Nd2 b4 37. Ke3 Kf6 38. h4 g5 39. hxg5+ hxg5 40. g4 a5 41. Kd3 Kg6 42. gxf5+ Kxf5 43. Ne4 Nb7 44. Ke3 Kg6 45. d6 Kf7 46. d7 Ke7 47. Nxg5 Kxd7 48. Ke4 Kd6 49. Nf7+ Ke6 50. Nxe5 a4 51. bxa4 Nd6+ 52. Kf4 Nb7 53. Nd3 Kd6 54. Kf5 Na5 55. Nb2 Nc6 56. Kf6 Nd4 57. f4 Ne2 58. f5 Nc3 59. Kg7 Ne2 60. f6 Nf4 61. f7 Ne6+ 62. Kg8 1-0

[Event "HUN-chT2 Toth 1516"]
[Site "Hungary"]
[Date "2016.02.28"]
[Round "8.9"]
[White "Tamasi, Zoltan"]
[Black "Balazs Szalai, Renata"]
[Result "1/2-1/2"]
[WhiteElo "1911"]
[BlackElo "1919"]
[PlyCount "84"]
[EventDate "2015.09.13"]
[EventType "team-tourn"]
[EventRounds "11"]
[EventCountry "HUN"]
[SourceTitle "EXT 2017"]
[Source "ChessBase"]
[SourceDate "2016.10.25"]
[SourceVersion "1"]
[SourceVersionDate "2016.10.25"]
[SourceQuality "1"]
[WhiteTeam "Oroshaza"]
[BlackTeam "Szentes Integral"]
[WhiteTeamCountry "HUN"]
[BlackTeamCountry "HUN"]

1. e4 c6 2. d3 d5 3. Nd2 dxe4 4. dxe4 Nf6 5. Ngf3 Bg4 6. Be2 e6 7. 0-0 Be7 8. c3 Bxf3 9. Bxf3 0-0 10. Nc4 Qc7 11. g3 Nbd7 12. Bf4 e5 13. Bg5 h6 14. Bxf6 Nxf6 15. Bg2 Rfd8 16. Qe2 b5 17. Ne3 Nd7 18. Nf5 Bf6 19. h4 Nc5 20. g4 Ne6 21. Qe3 Nf4 22. Rfe1 Rd3 23. Qc1 Rad8 24. Bf1 R3d7 25. Qe3 Rc8 26. Qg3 Qd8 27. Be2 Rd2 28. Kf1 Rc7 29. Qe3 Nxe2 30. Rxe2 Rcd7 31. Rxd2 Rxd2 32. Nd4 Rxb2 33. Qc1 Rxf2+ 34. Kxf2 exd4 35. Qd2 Bxh4+ 36. Kf3 d3 37. Rd1 Qf6+ 38. Kg2 Qe6 39. Qxd3 Qxg4+ 40. Kh2 Bg5 41. Rg1 Qh4+ 42. Kg2 Qg4+ 1/2-1/2

[Event "HUN-chT2 Toth 1516"]
[Site "Hungary"]
[Date "2015.11.29"]
[Round "5.9"]
[White "Bicskei, Mihaly"]
[Black "Tamasi, Zoltan"]
[Result "0-1"]
[WhiteElo "1847"]
[BlackElo "1911"]
[PlyCount "82"]
[EventDate "2015.09.13"]
[EventType "team-tourn"]
[EventRounds "11"]
[EventCountry "HUN"]
[SourceTitle "CBM 170 Extra"]
[Source "ChessBase"]
[SourceDate "2016.02.25"]
[SourceVersion "1"]
[SourceVersionDate "2016.02.25"]
[SourceQuality "1"]
[WhiteTeam "Felegyhaza Csongrad"]
[BlackTeam "Oroshaza"]
[WhiteTeamCountry "HUN"]
[BlackTeamCountry "HUN"]

1. g3 g6 2. Bg2 Bg7 3. Nc3 Nf6 4. e4 d6 5. d4 Nbd7 6. f4 e5 7. Nf3 a6 8. dxe5 dxe5 9. fxe5 Ng4 10. Bg5 f6 11. exf6 Bxf6 12. Bxf6 Ngxf6 13. e5 Qe7 14. Qe2 Ng4 15. Nd5 Qc5 16. 0-0-0 Nb6 17. b4 Qf2 18. Nxc7+ Ke7 19. Qxf2 Nxf2 20. Nxa8 Nxa8 21. Rhf1 Nxd1 22. Rxd1 Nb6 23. Rd4 Na4 24. Kd2 b5 25. Ng5 h6 26. Ne4 Bb7 27. Bh3 Bxe4 28. Rxe4 Rd8+ 29. Ke3 Nc3 30. Rf4 Nd5+ 31. Ke4 Nxf4 32. gxf4 Rd2 33. Bc8 Rxc2 34. Bxa6 Rc4+ 35. Kf3 Rxb4 36. h4 Rb2 37. Ke4 b4 38. Bc4 Rh2 39. Kf3 Rxh4 40. Kg3 g5 41. Bb3 Rxf4 0-1

[Event "HUN-chT2 Toth 1516"]
[Site "Hungary"]
[Date "2015.09.26"]
[Round "2.11"]
[White "Tamasi, Zoltan"]
[Black "Nemeth, Tibor"]
[Result "1-0"]
[WhiteElo "1911"]
[BlackElo "1482"]
[PlyCount "61"]
[EventDate "2015.09.13"]
[EventType "team-tourn"]
[EventRounds "11"]
[EventCountry "HUN"]
[SourceTitle "CBM 170 Extra"]
[Source "ChessBase"]
[SourceDate "2016.02.25"]
[SourceVersion "1"]
[SourceVersionDate "2016.02.25"]
[SourceQuality "1"]
[WhiteTeam "Oroshaza"]
[BlackTeam "Takisz"]
[WhiteTeamCountry "HUN"]
[BlackTeamCountry "HUN"]

1. Nf3 e6 2. g3 d5 3. Bg2 Nf6 4. 0-0 Bd6 5. d3 0-0 6. Nbd2 c5 7. e4 Qc7 8. Re1 Nc6 9. c3 dxe4 10. dxe4 Ng4 11. Nc4 Rd8 12. Qe2 Nge5 13. Nfxe5 Nxe5 14. Nxd6 Qxd6 15. Bf4 f6 16. Rad1 Qc7 17. Bxe5 fxe5 18. Rxd8+ Qxd8 19. Rd1 Qe7 20. Qh5 b6 21. Qxe5 Bb7 22. Rd6 Re8 23. Bf1 Kf7 24. Qh5+ Kg8 25. Bc4 g6 26. Rxe6 Qxe6 27. Bxe6+ Rxe6 28. Qd1 Kf7 29. f3 Ke7 30. Kf2 a6 31. Qd2 1-0

[Event "HUN-chT2 Toth 1516"]
[Site "Hungary"]
[Date "2015.09.13"]
[Round "1.8"]
[White "Tamasi, Zoltan"]
[Black "Kopias, Ferenc"]
[Result "1-0"]
[WhiteElo "1911"]
[BlackElo "1796"]
[PlyCount "53"]
[EventDate "2015.09.13"]
[EventType "team-tourn"]
[EventRounds "11"]
[EventCountry "HUN"]
[SourceTitle "CBM 170 Extra"]
[Source "ChessBase"]
[SourceDate "2016.02.25"]
[SourceVersion "1"]
[SourceVersionDate "2016.02.25"]
[SourceQuality "1"]
[WhiteTeam "Oroshaza"]
[BlackTeam "Mako SVSE II"]
[WhiteTeamCountry "HUN"]
[BlackTeamCountry "HUN"]

1. Nf3 f5 2. c4 Nf6 3. Nc3 g6 4. d4 Bg7 5. g3 d6 6. Bg2 0-0 7. 0-0 Nc6 8. c5 Kh8 9. d5 Nb4 10. a3 Na6 11. cxd6 cxd6 12. Be3 Bd7 13. Qb3 b6 14. Qc4 Nc7 15. Rfd1 Rc8 16. Qh4 h5 17. Bg5 Nb5 18. Nxb5 Bxb5 19. Nd4 Bd7 20. e4 Rc4 21. exf5 Bxf5 22. Bf1 Rc7 23. Bd3 Ng4 24. Bxf5 Bxd4 25. Rxd4 Rxf5 26. Rxg4 Qf8 27. Rf4 1-0

[Event "HUN-chT2 Toth 1415"]
[Site "Hungary"]
[Date "2015.03.01"]
[Round "9.10"]
[White "Berczi, Peter"]
[Black "Tamasi, Zoltan"]
[Result "1-0"]
[WhiteElo "1639"]
[BlackElo "1724"]
[PlyCount "65"]
[EventDate "2014.09.07"]
[EventType "team-tourn"]
[EventRounds "11"]
[EventCountry "HUN"]
[SourceTitle "EXT 2016"]
[Source "ChessBase"]
[SourceDate "2015.10.08"]
[SourceVersion "1"]
[SourceVersionDate "2015.10.08"]
[SourceQuality "1"]
[WhiteTeam "Maroczy II"]
[BlackTeam "Oroshaza"]
[WhiteTeamCountry "HUN"]
[BlackTeamCountry "HUN"]

1. e4 e5 2. Nf3 Nc6 3. Bb5 a6 4. Ba4 d6 5. c3 Nf6 6. 0-0 b5 7. Bb3 Be7 8. Re1 0-0 9. h3 Bb7 10. d4 Nd7 11. Nbd2 Na5 12. Bc2 c5 13. d5 Nb6 14. b3 Bc8 15. Nf1 Nb7 16. Ng3 Bd7 17. Nh2 c4 18. Qf3 Bg5 19. Nf5 Bxc1 20. Raxc1 Bxf5 21. exf5 Rc8 22. b4 Rc7 23. Ng4 f6 24. Ne3 Qe8 25. Kh2 g6 26. fxg6 hxg6 27. g4 Rh7 28. Rg1 Nc8 29. Ra1 Ne7 30. a4 Kh8 31. axb5 axb5 32. Ra7 Qd7 33. Rg3 1-0

[Event "HUN-chT2 Toth 1314"]
[Site "Hungary"]
[Date "2014.04.13"]
[Round "10.11"]
[White "Hos, Daniel Dominik"]
[Black "Tamasi, Zoltan"]
[Result "0-1"]
[WhiteElo "1653"]
[BlackElo "1706"]
[PlyCount "100"]
[EventDate "2013.09.08"]
[EventType "team-tourn"]
[EventRounds "11"]
[EventCountry "HUN"]
[SourceTitle "EXT 2016"]
[Source "ChessBase"]
[SourceDate "2015.10.08"]
[SourceVersion "1"]
[SourceVersionDate "2015.10.08"]
[SourceQuality "1"]
[WhiteTeam "Roszke"]
[BlackTeam "Oroshaza"]
[WhiteTeamCountry "HUN"]
[BlackTeamCountry "HUN"]

1. d4 Nf6 2. Bf4 g6 3. e3 Bg7 4. Nf3 d6 5. Nbd2 Nbd7 6. Bc4 0-0 7. 0-0 Nh5 8. Bg5 Nhf6 9. Bf4 Re8 10. Ng5 d5 11. Bb3 e5 12. dxe5 Nxe5 13. Ndf3 Bg4 14. h3 Nxf3+ 15. Nxf3 Bxf3 16. Qxf3 c6 17. c3 Qe7 18. Bc2 Rad8 19. Rad1 Nh5 20. Bh2 Nf6 21. Qf4 Nh5 22. Qa4 a6 23. Qg4 Nf6 24. Qf3 Nd7 25. g4 Ne5 26. Qf4 Qh4 27. Qg3 Qxg3+ 28. Bxg3 Nc4 29. b3 Na3 30. Bd3 Bxc3 31. Rc1 d4 32. e4 Nb5 33. Rc2 Na3 34. Re2 c5 35. Bc7 Rc8 36. Bd6 Rc6 37. e5 Nb5 38. Bxb5 axb5 39. f4 Rxd6 40. exd6 Rxe2 41. d7 Ba5 42. b4 Bc7 43. bxc5 Re7 44. Rb1 d3 45. Kf1 Rxd7 46. Ke1 d2+ 47. Kd1 Bxf4 48. Rb4 g5 49. c6 bxc6 50. Re4 Rd3 0-1

[Event "HUN-chT2 Toth 1314"]
[Site "Hungary"]
[Date "2014.03.23"]
[Round "9.12"]
[White "Fodor, Istvan2"]
[Black "Tamasi, Zoltan"]
[Result "0-1"]
[WhiteElo "1923"]
[BlackElo "1706"]
[PlyCount "94"]
[EventDate "2013.09.08"]
[EventType "team-tourn"]
[EventRounds "11"]
[EventCountry "HUN"]
[SourceTitle "EXT 2016"]
[Source "ChessBase"]
[SourceDate "2015.10.08"]
[SourceVersion "1"]
[SourceVersionDate "2015.10.08"]
[SourceQuality "1"]
[WhiteTeam "Karcag"]
[BlackTeam "Oroshaza"]
[WhiteTeamCountry "HUN"]
[BlackTeamCountry "HUN"]

1. d4 Nf6 2. c4 g6 3. Nc3 Bg7 4. e4 d6 5. f3 Nbd7 6. Be3 0-0 7. Qd2 e5 8. d5 a5 9. Bd3 Nh5 10. Nge2 Qh4+ 11. Bf2 Qe7 12. Be3 Qh4+ 13. g3 Qe7 14. 0-0-0 b6 15. g4 Nhf6 16. h4 a4 17. h5 a3 18. b3 Nc5 19. Bc2 Bd7 20. Ng3 Na6 21. Bh6 Ne8 22. Bxg7 Kxg7 23. hxg6 fxg6 24. Qh6+ Kg8 25. Rdf1 Qg7 26. Qd2 Nb4 27. Bd1 Qf6 28. Nce2 Na6 29. Rh2 b5 30. Rfh1 Rf7 31. cxb5 Bxb5 32. Nc3 c6 33. Qh6 Qg7 34. Qe3 Qf6 35. g5 Qd8 36. Kb1 Raa7 37. Bc2 Nb4 38. Nd1 c5 39. Nf2 Nxc2 40. Kxc2 c4 41. b4 Ba4+ 42. Kc3 Rab7 43. Ng4 Kf8 44. Nh6 Rxb4 45. Kxb4 Rb7+ 46. Kxa3 Qa5 47. Qe1 Qc5+ 0-1

[Event "HUN-chT2 Toth 1314"]
[Site "Hungary"]
[Date "2014.03.02"]
[Round "8.11"]
[White "Marton, Attila"]
[Black "Tamasi, Zoltan"]
[Result "1-0"]
[WhiteElo "1681"]
[BlackElo "1706"]
[PlyCount "101"]
[EventDate "2013.09.08"]
[EventType "team-tourn"]
[EventRounds "11"]
[EventCountry "HUN"]
[SourceTitle "EXT 2016"]
[Source "ChessBase"]
[SourceDate "2015.10.08"]
[SourceVersion "1"]
[SourceVersionDate "2015.10.08"]
[SourceQuality "1"]
[WhiteTeam "Kecskemet Takisz"]
[BlackTeam "Oroshaza"]
[WhiteTeamCountry "HUN"]
[BlackTeamCountry "HUN"]

1. c4 g6 2. g3 Bg7 3. Bg2 Nf6 4. Nc3 d6 5. e3 Nbd7 6. Nge2 0-0 7. 0-0 c6 8. d4 e5 9. b3 Qc7 10. Ba3 Rd8 11. Rc1 Nf8 12. Qc2 Bh6 13. Rcd1 Bg4 14. dxe5 dxe5 15. Rxd8 Rxd8 16. Rd1 Ne6 17. h3 Bxe2 18. Qxe2 Rd7 19. Rxd7 Qxd7 20. Qd1 Qxd1+ 21. Nxd1 Bf8 22. Bxf8 Kxf8 23. b4 Ke7 24. Kf1 Kd6 25. Nc3 Nd8 26. Ke2 h6 27. Kd3 a6 28. a4 b6 29. Bf3 a5 30. c5+ Kc7 31. bxa5 bxa5 32. Kc4 Ne6 33. Bg4 Ng5 34. f4 exf4 35. gxf4 Nge4 36. Nxe4 Nxe4 37. Kd4 Nf2 38. Ke5 h5 39. Bf3 Nd3+ 40. Kf6 Nxc5 41. Bd1 Ne4+ 42. Kxf7 g5 43. f5 g4 44. hxg4 h4 45. f6 Ng5+ 46. Kg6 Ne6 47. f7 h3 48. Kf6 h2 49. Bf3 Kd7 50. g5 c5 51. g6 1-0

[Event "HUN-chT2 Toth 1314"]
[Site "Hungary"]
[Date "2014.02.16"]
[Round "7.12"]
[White "Kocsis, Daniel"]
[Black "Tamasi, Zoltan"]
[Result "1-0"]
[WhiteElo "1634"]
[BlackElo "1706"]
[PlyCount "97"]
[EventDate "2013.09.08"]
[EventType "team-tourn"]
[EventRounds "11"]
[EventCountry "HUN"]
[SourceTitle "EXT 2016"]
[Source "ChessBase"]
[SourceDate "2015.10.08"]
[SourceVersion "1"]
[SourceVersionDate "2015.10.08"]
[SourceQuality "1"]
[WhiteTeam "Ujszasz"]
[BlackTeam "Oroshaza"]
[WhiteTeamCountry "HUN"]
[BlackTeamCountry "HUN"]

1. c4 Nf6 2. Nc3 g6 3. e3 Bg7 4. g3 0-0 5. Bg2 e5 6. Nge2 Nc6 7. d4 exd4 8. Nxd4 Nxd4 9. Qxd4 d6 10. Qd2 Rb8 11. b3 Be6 12. Bb2 d5 13. Nxd5 Bxd5 14. Bxd5 c6 15. Bf3 Qxd2+ 16. Kxd2 Rfd8+ 17. Ke2 Nd7 18. Bxg7 Kxg7 19. Rhd1 Ne5 20. Bg2 Kf8 21. Rxd8+ Rxd8 22. f4 Ng4 23. Bh3 Nf6 24. Rd1 Rxd1 25. Kxd1 c5 26. Ke2 b6 27. Bg2 Ne8 28. a3 Nd6 29. Kd3 Ke7 30. e4 Ne8 31. e5 Nc7 32. Bd5 h6 33. h3 a6 34. Ke4 b5 35. g4 g5 36. f5 b4 37. axb4 cxb4 38. f6+ Ke8 39. Bc6+ Kd8 40. Bd5 Ke8 41. Kd4 a5 42. Kc5 Kf8 43. Bc6 Ne6+ 44. Kb6 Nd4 45. Ba4 Nf3 46. Kxa5 Nxe5 47. Kxb4 Nd3+ 48. Kc3 Nf4 49. b4 1-0

[Event "HUN-chT2 Toth 1314"]
[Site "Hungary"]
[Date "2013.11.03"]
[Round "4.12"]
[White "Melykuti, Ferenc"]
[Black "Tamasi, Zoltan"]
[Result "0-1"]
[WhiteElo "1562"]
[BlackElo "1706"]
[PlyCount "68"]
[EventDate "2013.09.08"]
[EventType "team-tourn"]
[EventRounds "11"]
[EventCountry "HUN"]
[SourceTitle "EXT 2016"]
[Source "ChessBase"]
[SourceDate "2015.10.08"]
[SourceVersion "1"]
[SourceVersionDate "2015.10.08"]
[SourceQuality "1"]
[WhiteTeam "Szentes"]
[BlackTeam "Oroshaza"]
[WhiteTeamCountry "HUN"]
[BlackTeamCountry "HUN"]

1. e4 e5 2. Nf3 Nc6 3. Bc4 Nf6 4. Ng5 d5 5. exd5 Na5 6. Bb5+ c6 7. dxc6 bxc6 8. Ba4 Bd7 9. Nc3 Be7 10. 0-0 0-0 11. d4 exd4 12. Qxd4 Qb6 13. Qxb6 axb6 14. Be3 Nc4 15. Bb3 Nxe3 16. fxe3 Bc5 17. Rae1 h6 18. Nge4 Nxe4 19. Nxe4 Be7 20. Rd1 Bg4 21. Rd2 Ra7 22. h3 Bh5 23. Rf5 Bg6 24. Re5 Bf6 25. Nxf6+ gxf6 26. Rd6 Kg7 27. Rxc6 fxe5 28. Rxb6 Rd8 29. c4 Rd2 30. c5 Be4 31. g4 Rc7 32. Rb5 Rc6 33. Ba4 Rf6 34. Bb3 Rg2+ 0-1

[Event "HUN-chT2 Toth 1314"]
[Site "Hungary"]
[Date "2013.09.22"]
[Round "2.11"]
[White "Tamasi, Zoltan"]
[Black "Jako, Robert"]
[Result "1/2-1/2"]
[WhiteElo "1706"]
[BlackElo "1726"]
[PlyCount "74"]
[EventDate "2013.09.08"]
[EventType "team-tourn"]
[EventRounds "11"]
[EventCountry "HUN"]
[SourceTitle "EXT 2016"]
[Source "ChessBase"]
[SourceDate "2015.10.08"]
[SourceVersion "1"]
[SourceVersionDate "2015.10.08"]
[SourceQuality "1"]
[WhiteTeam "Oroshaza"]
[BlackTeam "Gyula"]
[WhiteTeamCountry "HUN"]
[BlackTeamCountry "HUN"]

1. e4 e5 2. Nf3 Nf6 3. Nc3 Nc6 4. Bc4 h6 5. d4 exd4 6. Nxd4 Nxd4 7. Qxd4 b6 8. Nb5 Bc5 9. Qe5+ Kf8 10. 0-0 d6 11. Qf4 Bb7 12. e5 dxe5 13. Qxe5 c6 14. Nc3 Qd4 15. Qc7 Qxc4 16. Qxb7 Re8 17. Be3 Bxe3 18. fxe3 Rxe3 19. Qb8+ Re8 20. Qxa7 Qb4 21. Rab1 Qc5+ 22. Kh1 Re7 23. Qb8+ Ne8 24. Qf4 g5 25. Qf3 Rg8 26. Qh5 Qd6 27. Ne4 Qg6 28. Qxg6 Rxg6 29. Nc3 Rge6 30. a4 Nd6 31. b3 Kg7 32. Rbd1 Re3 33. Rxd6 Rxc3 34. Rd2 Re5 35. Rd7 Rxc2 36. Rdxf7+ Kg6 37. R7f6+ Kg7 1/2-1/2